Statistiques concernant Les pays les plus visités par les Allemands

Cliquez ici pour prendre le quiz!

Statistiques générales

  • Ce quiz a été pris 205 fois
  • Le résultat moyen est 6 sur 8

Statistiques - réponses

#Destination de voyage% Correct
7France
100%
1Espagne
98%
2Italie
95%
4L'Autriche
86%
8Pologne
85%
6Grèce
72%
3Turquie
58%
5Croatie
46%

Distribution des résultats

Percentile par nombre de réponses

% des personnes avec chaque résultat

Votre développement - résultats

Vous n’avez pas pris ce quiz